[Event "Oberliga Baden 1819"]
[Site "Baden"]
[Date "2019.01.20"]
[Round "5.4"]
[White "Faerber, David"]
[Black "Mensch, Etienne"]
[Result "1/2-1/2"]
[WhiteElo "2279"]
[BlackElo "2263"]
[PlyCount "52"]
[EventDate "2018.10.21"]
[EventType "team-tourn"]
[EventRounds "9"]
[EventCountry "GER"]
[SourceTitle "EXT 2020"]
[Source "ChessBase"]
[SourceDate "2019.10.17"]
[SourceVersion "1"]
[SourceVersionDate "2019.10.17"]
[SourceQuality "1"]
[WhiteTeam "Walldorf"]
[BlackTeam "Buchen"]
[WhiteTeamCountry "GER"]
[BlackTeamCountry "GER"]

1. e4 d6 2. d4 Nf6 3. Nc3 Nbd7 4. Nf3 e5 5. Bc4 Be7 6. a4 c6 7. 0-0 0-0 8. h3 Nxe4 9. Nxe4 d5 10. Re1 dxe4 11. Rxe4 exd4 12. Bf4 Nb6 13. Rxd4 Qe8 14. Bb3 Bc5 15. Bd6 Bxd6 16. Rxd6 Qe7 17. Qd4 Be6 18. Qe5 Rae8 19. Bxe6 fxe6 20. Rd3 Nd5 21. Re1 Rf5 22. Qd4 b6 23. Re5 Rf4 24. Re4 Rf5 25. Re5 Rf4 26. Re4 Rf5 1/2-1/2

[Event "Paris Oscaro blitz"]
[Site "Paris"]
[Date "2017.09.16"]
[Round "4"]
[White "Libiszewski, Fabien"]
[Black "Mensch, Etienne"]
[Result "1-0"]
[WhiteElo "2531"]
[BlackElo "2264"]
[PlyCount "67"]
[EventDate "2017.09.16"]
[EventType "swiss (blitz)"]
[EventRounds "9"]
[EventCountry "FRA"]
[SourceTitle "CBM 180 Extra"]
[Source "ChessBase"]
[SourceDate "2017.10.06"]
[SourceVersion "1"]
[SourceVersionDate "2017.10.06"]
[SourceQuality "1"]

1. e4 d6 2. d4 Nf6 3. Nc3 Nbd7 4. g4 h6 5. h3 e5 6. Nge2 c6 7. Bg2 b5 8. a3 a5 9. Ng3 g6 10. Be3 h5 11. g5 h4 12. gxf6 hxg3 13. fxg3 Qxf6 14. Rf1 Qe7 15. d5 Bb7 16. dxc6 Bxc6 17. Nd5 Bxd5 18. Qxd5 Rb8 19. 0-0-0 Qe6 20. Qxe6+ fxe6 21. h4 Rc8 22. Bh3 Nc5 23. Bxc5 Rxc5 24. Bxe6 Ke7 25. Bd5 Rh7 26. Rd3 Bh6+ 27. Kd1 Rc8 28. Rdf3 b4 29. Rf7+ Rxf7 30. Rf6 Ke8 31. Rxf7 b3 32. a4 Rb8 33. Bxb3 Be3 34. Rh7 1-0

[Event "Wasselonne op 20th"]
[Site "Wasselonne"]
[Date "2016.08.05"]
[Round "4"]
[White "Becker, Dirk"]
[Black "Mensch, Etienne"]
[Result "1-0"]
[WhiteElo "2270"]
[BlackElo "2334"]
[PlyCount "73"]
[EventDate "2016.08.04"]
[EventType "swiss"]
[EventRounds "7"]
[EventCountry "FRA"]
[SourceTitle "EXT 2017"]
[Source "ChessBase"]
[SourceDate "2016.10.25"]
[SourceVersion "1"]
[SourceVersionDate "2016.10.25"]
[SourceQuality "1"]

1. e4 c5 2. Nf3 Nc6 3. Bb5 g6 4. Bxc6 dxc6 5. d3 Bg7 6. h3 Nf6 7. Nc3 Nd7 8. Be3 e5 9. Qd2 h6 10. a3 a5 11. Na4 b6 12. 0-0 Rb8 13. b4 cxb4 14. axb4 b5 15. Nc5 a4 16. Nxd7 Bxd7 17. Bc5 Be6 18. Rfc1 g5 19. c4 f6 20. cxb5 cxb5 21. d4 Kf7 22. Qe2 Rb7 23. Ra3 Re8 24. d5 Bd7 25. Ne1 Kg6 26. Rac3 f5 27. exf5+ Bxf5 28. g4 Bd7 29. Qe4+ Kf7 30. Qh7 e4 31. Bd4 Rg8 32. Qxe4 Bxd4 33. Qxd4 Rf8 34. d6 Rb8 35. Rc7 Kg8 36. Nd3 Rf7 37. Qd5 1-0

[Event "Wiesbaden op 25th"]
[Site "Wiesbaden"]
[Date "2013.08.24"]
[Round "5"]
[White "Meijers, Viesturs"]
[Black "Mensch, Etienne"]
[Result "1-0"]
[WhiteElo "2470"]
[BlackElo "2345"]
[PlyCount "109"]
[EventDate "2013.08.22"]
[EventType "swiss"]
[EventRounds "7"]
[EventCountry "GER"]
[SourceTitle "EXT 2014"]
[Source "ChessBase"]
[SourceDate "2013.11.20"]
[SourceVersion "1"]
[SourceVersionDate "2013.11.20"]
[SourceQuality "1"]

1. Nf3 Nf6 2. c4 c5 3. b3 g6 4. Bb2 Bg7 5. g3 Nc6 6. Bg2 0-0 7. 0-0 d6 8. d4 cxd4 9. Nxd4 Bd7 10. Nc2 Qc8 11. Re1 Bh3 12. Bh1 Qf5 13. Ne3 Qh5 14. Nc3 Rad8 15. Rb1 Ng4 16. Nxg4 Bxg4 17. Nd5 e5 18. b4 Rd7 19. b5 Nd4 20. f3 Be6 21. a4 Bxd5 22. cxd5 Rc8 23. e3 Nc2 24. Re2 Rdc7 25. Rc1 Bh6 26. Rcxc2 Bxe3+ 27. Kf1 Qh3+ 28. Ke1 Bc5 29. Kd2 Qh6+ 30. Kd3 Qh5 31. Rc4 f5 32. g4 Qh3 33. gxf5 Qxf5+ 34. Ree4 Qh3 35. Qe2 a6 36. Rg4 axb5 37. axb5 Qh5 38. h4 Qf5+ 39. Qe4 Qd7 40. b6 Bxb6 41. Rxc7 Qxc7 42. Qc4 Qd7 43. Qb3 Bc5 44. Bg2 Qf7 45. Ke2 Ra8 46. Bh3 Kf8 47. h5 Ra6 48. Bc1 Rb6 49. Qd3 Ra6 50. hxg6 Ra2+ 51. Kd1 hxg6 52. Bh6+ Ke8 53. Rxg6 Ra1+ 54. Ke2 Bd4 55. Qb5+ 1-0

[Event "Wiesbaden op 25th"]
[Site "Wiesbaden"]
[Date "2013.08.22"]
[Round "1"]
[White "Launert, Martin"]
[Black "Mensch, Etienne"]
[Result "0-1"]
[WhiteElo "1874"]
[BlackElo "2342"]
[PlyCount "112"]
[EventDate "2013.08.22"]
[EventType "swiss"]
[EventRounds "7"]
[EventCountry "GER"]
[SourceTitle "CBM 156 Extra"]
[Source "ChessBase"]
[SourceDate "2013.10.22"]
[SourceVersion "1"]
[SourceVersionDate "2013.10.22"]
[SourceQuality "1"]

1. e4 c5 2. Nf3 Nc6 3. d4 cxd4 4. Nxd4 g6 5. Nxc6 bxc6 6. Qd4 Nf6 7. e5 Nd5 8. e6 f6 9. exd7+ Bxd7 10. Nc3 e5 11. Qc4 Nb6 12. Qe4 Bg7 13. Bc4 f5 14. Qe2 Nxc4 15. Qxc4 Qe7 16. Be3 Qe6 17. Qb4 Kf7 18. Qb3 Rhb8 19. Qxe6+ Bxe6 20. b3 e4 21. Bd2 a5 22. Rd1 c5 23. 0-0 c4 24. Na4 Rb5 25. Be3 Ra6 26. Bd4 Bf8 27. f3 exf3 28. Rxf3 Rc6 29. Nc3 Rb7 30. Rh3 h6 31. Na4 Rd7 32. Rd2 g5 33. Rf3 Rcd6 34. c3 Bg7 35. Nc5 Rxd4 36. cxd4 Bxd4+ 37. Rxd4 Rxd4 38. Nxe6 Kxe6 39. bxc4 Rxc4 40. Re3+ Kd5 41. Re2 Kd4 42. Kf2 Rc3 43. Rd2+ Rd3 44. Rc2 f4 45. Rb2 g4 46. a4 Ra3 47. Rd2+ Ke4 48. Rd6 h5 49. Rh6 Rxa4 50. Rxh5 Ra2+ 51. Kf1 a4 52. h4 a3 53. Ra5 g3 54. h5 Rf2+ 55. Kg1 Rb2 56. Kf1 a2 0-1

[Event "Biel MTO op 43rd"]
[Site "Biel"]
[Date "2010.07.24"]
[Round "6"]
[White "Pelletier, Yannick"]
[Black "Mensch, Etienne"]
[Result "1-0"]
[WhiteElo "2589"]
[BlackElo "2366"]
[PlyCount "107"]
[EventDate "2010.07.19"]
[EventType "swiss"]
[EventRounds "11"]
[EventCountry "SUI"]
[SourceTitle "CBM 137 Extra"]
[Source "ChessBase"]
[SourceDate "2010.09.01"]
[SourceVersion "1"]
[SourceVersionDate "2010.09.01"]
[SourceQuality "1"]

1. Nf3 Nf6 2. c4 g6 3. Nc3 Bg7 4. d4 c5 5. e4 cxd4 6. Nxd4 d6 7. Be2 Nc6 8. Be3 Nxd4 9. Bxd4 0-0 10. 0-0 Bd7 11. Qd3 a5 12. b3 Bc6 13. a3 Nd7 14. Bxg7 Kxg7 15. b4 f6 16. Qe3 b6 17. Nd5 g5 18. Qd4 Kh8 19. Rfd1 Rb8 20. Rab1 Ne5 21. bxa5 Bxd5 22. Qxd5 bxa5 23. c5 Rxb1 24. Rxb1 dxc5 25. Qxc5 Qd2 26. Bf1 Ng6 27. Rb5 Rd8 28. Qc7 Qd1 29. Rb1 Qd2 30. Rb2 Qd4 31. Qxa5 Rc8 32. Qb4 Qe5 33. a4 Kg7 34. a5 Rc1 35. a6 Nf4 36. Qd2 Nd3 37. Rc2 Rxf1+ 38. Kxf1 Qa1+ 39. Ke2 Nf4+ 40. Kf3 Qxa6 41. g3 Ng6 42. Kg2 Qe6 43. Qe2 h5 44. h3 g4 45. hxg4 hxg4 46. Qc4 Qd6 47. Qd5 Qa3 48. Rc8 Qf3+ 49. Kg1 Kh6 50. Rg8 e6 51. Qb7 Kg5 52. Qh7 Qxe4 53. Qh4+ Kf5 54. Qh5# 1-0

[Event "Biel MTO op 43rd"]
[Site "Biel"]
[Date "2010.07.23"]
[Round "5"]
[White "Mensch, Etienne"]
[Black "Bauer, Christian"]
[Result "1/2-1/2"]
[WhiteElo "2366"]
[BlackElo "2612"]
[PlyCount "93"]
[EventDate "2010.07.19"]
[EventType "swiss"]
[EventRounds "11"]
[EventCountry "SUI"]
[SourceTitle "CBM 137 Extra"]
[Source "ChessBase"]
[SourceDate "2010.09.01"]
[SourceVersion "1"]
[SourceVersionDate "2010.09.01"]
[SourceQuality "1"]

1. Nf3 c5 2. g3 Nc6 3. c4 g6 4. Bg2 Bg7 5. Nc3 b6 6. 0-0 Bb7 7. d3 d6 8. Rb1 Qd7 9. a3 Bxc3 10. bxc3 f5 11. e4 Nf6 12. exf5 gxf5 13. Bg5 Ng4 14. d4 0-0-0 15. h3 Nf6 16. Bxf6 exf6 17. Qd2 Na5 18. Qf4 Rhe8 19. Nd2 Bxg2 20. Kxg2 Re2 21. Kg1 Rde8 22. Rfd1 Qe6 23. Qf3 Kc7 24. Qf4 Kb7 25. Qf3+ Ka6 26. Qf4 h5 27. h4 Rg8 28. Qf3 Nxc4 29. d5 Nxd2 30. Rxd2 Re1+ 31. Kg2 Qe4 32. Rxe1 Qxe1 33. Qd3+ b5 34. Re2 c4 35. Qc2 Qa1 36. Re6 Qxa3 37. Rxf6 Rb8 38. Rxf5 Qb3 39. Qc1 b4 40. cxb4 Rxb4 41. Rf3 c3 42. Rxc3 Qxd5+ 43. Kh2 Qd4 44. Qc2 Qe5 45. Kg1 Rb1+ 46. Kh2 Rb4 47. Kg1 1/2-1/2

[Event "FRA-chT2 0910"]
[Site "France"]
[Date "2010.01.24"]
[Round "7.1"]
[White "Zaragatski, Ilja"]
[Black "Mensch, Etienne"]
[Result "1-0"]
[WhiteElo "2469"]
[BlackElo "2364"]
[PlyCount "103"]
[EventDate "2009.09.27"]
[EventType "team-tourn"]
[EventRounds "11"]
[EventCountry "FRA"]
[SourceTitle "EXT 2011"]
[Source "ChessBase"]
[SourceDate "2010.11.26"]
[SourceVersion "1"]
[SourceVersionDate "2010.11.26"]
[SourceQuality "1"]

1. Nf3 Nf6 2. g3 g6 3. Bg2 Bg7 4. 0-0 0-0 5. d4 c5 6. d5 d6 7. Nc3 Na6 8. Nd2 Nc7 9. a4 b6 10. e4 Rb8 11. Re1 a6 12. Nc4 Ng4 13. h3 Ne5 14. Ne3 b5 15. f4 Nc4 16. Nxc4 bxc4 17. e5 e6 18. exd6 Nxd5 19. Nxd5 exd5 20. Qxd5 c3 21. b3 Bd4+ 22. Be3 Be6 23. Qf3 Qxd6 24. Rad1 Rfd8 25. Bxd4 cxd4 26. Qf2 h5 27. Bf1 Bf5 28. Kh2 a5 29. Bd3 Qd7 30. Bxf5 Qxf5 31. Re5 Qd7 32. Rd3 Rb4 33. Qe2 Qc6 34. Qe4 Qf6 35. Rxa5 Kg7 36. Rc5 Rd6 37. Kg2 Re6 38. Re5 Rc6 39. Qe1 h4 40. gxh4 Qxf4 41. Re4 Qf5 42. Rf3 Qd5 43. Re5 Re6 44. Rxd5 Rxe1 45. Rd7 Rxb3 46. Rfxf7+ Kg8 47. Rg7+ Kh8 48. Rh7+ Kg8 49. Rdg7+ Kf8 50. Rc7 Kg8 51. cxb3 c2 52. Rhd7 1-0

[Event "Zuerich Jubilee op"]
[Site "Zuerich"]
[Date "2009.08.10"]
[Round "2"]
[White "Mensch, Etienne"]
[Black "Kuzubov, Yuriy"]
[Result "0-1"]
[WhiteElo "2357"]
[BlackElo "2635"]
[PlyCount "108"]
[EventDate "2009.08.09"]
[EventType "swiss"]
[EventRounds "9"]
[EventCountry "SUI"]
[SourceTitle "CBM 131 Extra"]
[Source "ChessBase"]
[SourceDate "2009.09.03"]
[SourceVersion "2"]
[SourceVersionDate "2009.09.16"]
[SourceQuality "1"]

1. Nf3 Nf6 2. d4 e6 3. c4 Bb4+ 4. Bd2 a5 5. Nc3 b6 6. g3 Bb7 7. Bg2 0-0 8. 0-0 d6 9. Rc1 Nbd7 10. Bg5 Bxc3 11. Rxc3 h6 12. Bxf6 Nxf6 13. Ne1 Bxg2 14. Nxg2 Qe7 15. Qd3 e5 16. Ne3 e4 17. Qc2 c6 18. Qa4 Rfc8 19. a3 g6 20. Qc2 a4 21. b3 axb3 22. Rxb3 Nd7 23. Ng2 Ra5 24. Re3 Nf6 25. Rb1 Qa7 26. Qb2 d5 27. Rb3 dxc4 28. Rxb6 Rxa3 29. Rb7 Qa5 30. Ne3 c3 31. Qc1 Ra4 32. R7b3 Nd5 33. Ng4 e3 34. fxe3 Ra2 35. e4 c2 36. exd5 cxb1Q 37. Rxb1 Qd2 38. Qxd2 Rxd2 39. d6 Rxd4 40. d7 Rd8 41. Ne5 Re4 42. Nxc6 Rxd7 43. Rb2 Rd6 44. Rc2 Kg7 45. Kf2 Rf6+ 46. Kg2 Rf5 47. Rd2 h5 48. Rc2 g5 49. Rd2 h4 50. Rc2 Kg6 51. Rd2 f6 52. Rc2 h3+ 53. Kxh3 Rf2 54. g4 Re3# 0-1

[Event "FRA-chT1A 0809"]
[Site "France"]
[Date "2008.11.08"]
[Round "2.5"]
[White "Ravot, Sylvain"]
[Black "Mensch, Etienne"]
[Result "1/2-1/2"]
[WhiteElo "2277"]
[BlackElo "2339"]
[PlyCount "81"]
[EventDate "2008.10.19"]
[EventType "team-tourn"]
[EventRounds "11"]
[EventCountry "FRA"]
[SourceTitle "EXT 2010"]
[Source "ChessBase"]
[SourceDate "2010.11.25"]
[SourceVersion "1"]
[SourceVersionDate "2010.11.25"]
[SourceQuality "1"]
[WhiteTeam "Lyon Olympique"]
[BlackTeam "Bischwiller"]
[WhiteTeamCountry "FRA"]
[BlackTeamCountry "FRA"]

1. e4 c5 2. Nf3 Nc6 3. d4 cxd4 4. Nxd4 g6 5. Nc3 Bg7 6. Be3 Nf6 7. Nxc6 bxc6 8. e5 Ng8 9. Bd4 Qa5 10. e6 Nf6 11. exd7+ Bxd7 12. Bc4 Rd8 13. Qe2 0-0 14. 0-0 Bg4 15. Qe5 Qxe5 16. Bxe5 Bf5 17. Bb3 Nd5 18. Nxd5 cxd5 19. Rfe1 e6 20. Rad1 Bxe5 21. Rxe5 Rb8 22. f3 Rfc8 23. c3 h5 24. Rd4 Kg7 25. Re2 Rc5 26. Red2 a5 27. Ra4 g5 28. c4 dxc4 29. Rxc4 Rcb5 30. Ra4 R8b7 31. Kf2 h4 32. g3 hxg3+ 33. Kxg3 Kf6 34. h4 gxh4+ 35. Rxh4 Rc7 36. Rc4 Rcc5 37. Rcd4 Rc1 38. Rd1 Rxd1 39. Rxd1 Rb4 40. Rd2 Bb1 41. Rd1 1/2-1/2

[Event "Cap d'Agde CCAS op"]
[Site "Cap d'Agde"]
[Date "2008.10.27"]
[Round "3"]
[White "Mensch, Etienne"]
[Black "Cornette, Matthieu"]
[Result "0-1"]
[WhiteElo "2339"]
[BlackElo "2548"]
[PlyCount "118"]
[EventDate "2008.10.25"]
[EventType "swiss"]
[EventRounds "9"]
[EventCountry "FRA"]
[SourceTitle "CBM 127 Extra"]
[Source "ChessBase"]
[SourceDate "2009.01.08"]
[SourceVersion "2"]
[SourceVersionDate "2009.01.28"]
[SourceQuality "1"]

1. d4 e6 2. Nf3 c5 3. e3 b6 4. Be2 Bb7 5. c4 Nf6 6. Nc3 cxd4 7. exd4 d6 8. 0-0 Be7 9. h3 0-0 10. Bf4 Nbd7 11. Re1 a6 12. Bh2 Rc8 13. Nd2 Re8 14. Bf3 Qc7 15. Rc1 Qb8 16. b4 Qa8 17. Bxb7 Qxb7 18. Qb3 Bf8 19. a3 e5 20. Nf3 exd4 21. Rxe8 Nxe8 22. Nxd4 Ne5 23. Bxe5 dxe5 24. Nf5 Nf6 25. Ne3 g6 26. Ncd5 Nh5 27. Ng4 Bg7 28. Qf3 Kh8 29. Qe2 Re8 30. Qd1 Rd8 31. Nge3 Nf4 32. Qf1 b5 33. g3 Nxd5 34. Rd1 Bh6 35. Nxd5 Qc6 36. cxb5 Qxb5 37. Qxb5 axb5 38. Kf1 Ra8 39. Ra1 Bf8 40. Nc7 Ra4 41. Nxb5 Bxb4 42. Rc1 Bf8 43. Re1 f6 44. Rc1 Ra5 45. Rc8 Kg7 46. Rc7+ Kg8 47. Nc3 Rxa3 48. Ne4 Ra6 49. g4 f5 50. Ng5 Bh6 51. Nf3 e4 52. Nd4 f4 53. f3 Bg7 54. Ne2 Ra1+ 55. Kg2 Ra2 56. Kf1 exf3 57. Nxf4 Bd4 58. Rc8+ Kf7 59. Rc1 Rh2 0-1

[Event "Biel MTO op 41st"]
[Site "Biel"]
[Date "2008.08.01"]
[Round "11"]
[White "Mensch, Etienne"]
[Black "Baramidze, David"]
[Result "1/2-1/2"]
[WhiteElo "2327"]
[BlackElo "2593"]
[PlyCount "58"]
[EventDate "2008.07.21"]
[EventType "swiss"]
[EventRounds "11"]
[EventCountry "SUI"]
[SourceTitle "CBM 125 Extra"]
[Source "ChessBase"]
[SourceDate "2008.09.01"]
[SourceVersion "1"]
[SourceVersionDate "2008.09.01"]
[SourceQuality "1"]

1. d4 Nf6 2. c4 c6 3. Nf3 d5 4. cxd5 cxd5 5. Nc3 Nc6 6. Bf4 Bf5 7. e3 a6 8. a3 e6 9. Bd3 Bxd3 10. Qxd3 Be7 11. 0-0 0-0 12. Bg5 h6 13. Bh4 Rc8 14. b4 b5 15. Bxf6 Bxf6 16. Rac1 Be7 17. Rfd1 a5 18. Qxb5 axb4 19. axb4 Bxb4 20. Na2 Qa5 21. Qxa5 Bxa5 22. Rc2 Ne5 23. Rdc1 Rxc2 24. Rxc2 Nc4 25. Nc1 Rb8 26. g3 g5 27. h3 f6 28. g4 Kf7 29. Ne2 Bc7 1/2-1/2

[Event "FRA-chT Top 16 Gp Basse"]
[Site "Evry"]
[Date "2008.05.30"]
[Round "9"]
[White "Miralles, Gilles"]
[Black "Mensch, Etienne"]
[Result "1-0"]
[WhiteElo "2490"]
[BlackElo "2324"]
[PlyCount "101"]
[EventDate "2008.05.29"]
[EventType "team"]
[EventRounds "11"]
[EventCountry "FRA"]
[SourceTitle "CBM 124 Extra"]
[Source "ChessBase"]
[SourceDate "2008.07.03"]
[SourceVersion "1"]
[SourceVersionDate "2008.07.03"]
[SourceQuality "1"]

1. d4 Nf6 2. c4 c5 3. d5 b5 4. cxb5 a6 5. b6 Qxb6 6. Nc3 d6 7. Nf3 Nbd7 8. e4 g6 9. Nd2 Bg7 10. Nc4 Qc7 11. Be2 0-0 12. 0-0 Rb8 13. Bf4 Nb6 14. Ne3 Nfd7 15. Rc1 Ne5 16. Bg3 f5 17. f4 Nf7 18. exf5 gxf5 19. Bd3 Nh6 20. Qe2 Nd7 21. Bh4 Nf6 22. Bg5 Nfg4 23. Nc4 Rf7 24. h3 Nf6 25. b3 Kh8 26. Ne3 Nfg8 27. Bxa6 Bxa6 28. Qxa6 Rff8 29. Qd3 Qd7 30. Nc4 Nf7 31. Rce1 Nf6 32. Ne3 c4 33. Nxc4 Ne4 34. Nxe4 fxe4 35. Qxe4 Qa7+ 36. Kh1 Nxg5 37. fxg5 Qxa2 38. Qxe7 Qxb3 39. Qe4 Qg3 40. Rd1 Rbc8 41. Rxf8+ Rxf8 42. Rb1 Kg8 43. Qe6+ Kh8 44. Qe3 Qxe3 45. Nxe3 Bd4 46. Rf1 Re8 47. Nf5 Bc5 48. g4 Kg8 49. Rb1 Re2 50. Rb8+ Kf7 51. Rh8 1-0

[Event "FRA-chT Top 16 GpB"]
[Site "France"]
[Date "2008.04.13"]
[Round "7"]
[White "Mensch, Etienne"]
[Black "Chuchelov, Vladimir"]
[Result "0-1"]
[WhiteElo "2337"]
[BlackElo "2551"]
[PlyCount "78"]
[EventDate "2008.03.22"]
[EventType "team"]
[EventRounds "7"]
[EventCountry "FRA"]
[SourceTitle "CBM 123 Extra"]
[Source "ChessBase"]
[SourceDate "2008.05.06"]
[SourceVersion "1"]
[SourceVersionDate "2008.05.06"]
[SourceQuality "1"]

1. d4 Nf6 2. c4 e6 3. Nc3 Bb4 4. e3 0-0 5. Bd3 d5 6. Nf3 b6 7. 0-0 Bb7 8. cxd5 exd5 9. Bd2 Bd6 10. Nb5 Be7 11. Rc1 c5 12. Ne5 Nbd7 13. Nc3 Ne4 14. Nxd7 Qxd7 15. dxc5 Nxd2 16. Qxd2 bxc5 17. Be4 Rad8 18. Rfd1 d4 19. Qd3 g6 20. exd4 cxd4 21. Bxb7 Qxb7 22. Qb5 Qa8 23. Ne2 Rb8 24. Qe5 Rfe8 25. Nxd4 Bf8 26. Qf4 Re4 27. Qf3 Rxb2 28. h4 Qb7 29. Nc6 Ree2 30. Rf1 Rxa2 31. h5 Rac2 32. Qd5 Rxf2 33. Rxc2 Rxf1+ 34. Kh2 Rf5 35. Qd8 Rxh5+ 36. Kg3 Qb3+ 37. Kf4 Rf5+ 38. Kg4 h5+ 39. Kh4 Rf4+ 0-1

[Event "FRA-chT Top 16 GpB"]
[Site "France"]
[Date "2008.04.12"]
[Round "6"]
[White "Mensch, Etienne"]
[Black "Housieaux, David"]
[Result "1/2-1/2"]
[WhiteElo "2337"]
[BlackElo "2353"]
[PlyCount "31"]
[EventDate "2008.03.22"]
[EventType "team"]
[EventRounds "7"]
[EventCountry "FRA"]
[SourceTitle "CBM 123 Extra"]
[Source "ChessBase"]
[SourceDate "2008.05.06"]
[SourceVersion "1"]
[SourceVersionDate "2008.05.06"]
[SourceQuality "1"]

1. d4 d6 2. c4 g6 3. Nc3 Bg7 4. Nf3 e5 5. dxe5 dxe5 6. Qxd8+ Kxd8 7. Be3 h6 8. 0-0-0+ Bd7 9. Bc5 Kc8 10. g3 Be6 11. b3 Nd7 12. Ba3 Ngf6 13. Bg2 a5 14. Bb2 Re8 15. h3 Ra6 16. Nd2 1/2-1/2

[Event "FRA-chT Top 16 GpB"]
[Site "France"]
[Date "2008.04.11"]
[Round "5"]
[White "Mensch, Etienne"]
[Black "Kallai, Gabor"]
[Result "1-0"]
[WhiteElo "2337"]
[BlackElo "2470"]
[PlyCount "75"]
[EventDate "2008.03.22"]
[EventType "team"]
[EventRounds "7"]
[EventCountry "FRA"]
[SourceTitle "CBM 123 Extra"]
[Source "ChessBase"]
[SourceDate "2008.05.06"]
[SourceVersion "1"]
[SourceVersionDate "2008.05.06"]
[SourceQuality "1"]

1. d4 d5 2. c4 dxc4 3. Nf3 Nf6 4. e3 e6 5. Bxc4 c5 6. 0-0 a6 7. Bb3 b5 8. a4 b4 9. a5 Bb7 10. Nbd2 Be7 11. Qe2 cxd4 12. Nxd4 0-0 13. Rd1 Nbd7 14. Nc4 Qc7 15. Bd2 Bd5 16. Rac1 Qb7 17. f3 Bc5 18. Be1 Rfc8 19. Kh1 Qa7 20. Nc2 Ne5 21. Rxd5 Nxc4 22. Rxc5 Qxc5 23. Nd4 Qxa5 24. Bxc4 Qb6 25. b3 a5 26. Ra1 Qc5 27. Nc2 Nd5 28. e4 Nc3 29. Qe3 Qxe3 30. Nxe3 a4 31. bxa4 Rxa4 32. Bxc3 Rxa1+ 33. Bxa1 b3 34. Kg1 Rd8 35. Bc3 g6 36. Kf1 Rb8 37. Bb2 Ra8 38. Ke2 1-0